000 00360nam a22001217a 4500
040 _cHS
082 _a791
110 _aNA
245 _aផែនការអភិវឌ្ឍន៍យុទ្ធសាស្ត្រលើវិស័យធនធានទឹក និងឧតុនិយម
260 _aCambodia
_bNA
_c2010
300 _a72p;
942 _cKB
999 _c9343
_d9343